=LDR 00000nam 2200000 4500 =001 INLIS000000000000985 =005 20130612085412 =008 ***********************************Ind** =035 ##$$0010-061300000000985 =041 ##$$a Ind =082 ##$$a 640.7 =090 ##$$a 640.7, Sup t =100 ##$$a Suparni =245 ##$$a Tata graha rumah sehat, PKK untuk SMP kelas 1 semester 1 kurikulum SMP yang disempurnakan GBPP 1987 =260 ##$$a 1990 $b Solo =300 ##$$a 96 hlm, Ilus, 21 cm =650 ##$$a Kesejahteraan Keluarga-Studi dan Pengjaran =850 ##$$a NBPNMAT